logo

Bir Sreshtho Munshi Abdur Rouf Library
Jhenaidah Cadet College

Myanmar's enemy within : (Record no. 13670)

MARC details
000 -LEADER
fixed length control field 00714nam a2200217 a 4500
001 - CONTROL NUMBER
JCCL Control Number 13670
003 - CONTROL NUMBER IDENTIFIER
JCCL marc code BD-JhCC
005 - DATE AND TIME OF LATEST TRANSACTION
control field 20240313195454.0
008 - FIXED-LENGTH DATA ELEMENTS--GENERAL INFORMATION
fixed length control field 240313b2021 nyu |||| ||a| 001 0 eng d
020 ## - INTERNATIONAL STANDARD BOOK NUMBER
International Standard Book Number 9781783605279
035 ## - SYSTEM CONTROL NUMBER
system control number (BD-JhCC)13670
040 ## - CATALOGING SOURCE
Original cataloging agency BD-JhCC
Modifying agency BD-JhCC
041 ## - LANGUAGE CODE
Language code of Book english
082 ## - DEWEY DECIMAL CLASSIFICATION NUMBER
Classification number 306.09593
Author mark and Year WAD 2021
100 ## - MAIN ENTRY--PERSONAL NAME
Personal name Wade ,Francis
245 ## - TITLE STATEMENT
Title Myanmar's enemy within :
Remainder of title Buddhist violence and the making of a Muslim 'other' /
Statement of responsibility, etc Francis Wade
260 ## - PUBLICATION, DISTRIBUTION, ETC. (IMPRINT)
Place of publication, distribution, etc London:
Name of publisher, distributor, etc Bloomsbury Publishing,
Date of publication, distribution, etc 2021.
300 ## - PHYSICAL DESCRIPTION
Pagination 419 p, :
Other physical details ill;
Dimensions 22 cm
650 ## - SUBJECT ADDED ENTRY--TOPICAL TERM
Topical term or geographic name as entry element Birmanie Conditions sociales 1988-
General subdivision Bouddhisme Relations Islam
Geographic subdivision Bouddhisme et État Birmanie
Chronological subdivision Buddhism
942 ## - ADDED ENTRY ELEMENTS (KOHA)
Source of classification or shelving scheme Dewey Decimal Classification
Koha item type Books
Holdings
Source of classification or shelving scheme Damaged status Not for loan Home library Current library Shelving location Date of accession Cost, normal purchase price Total Checkouts Full call number Barcode Date last seen Copy number Method of acquisition Koha item type Currency
Dewey Decimal Classification     JCC Rouf Library JCC Rouf Library General Stacks   340.00   306.09593 WAD 2021 19118 03/13/2024 C-1 Purchase Books BDT

JCC Library | Contacts | JCC Home

Last Update on 23 September 2017
Copyright @ 2017-2020 JCC Rouf Library
Rouf Library, Jhenidah Cadet College (JCC), Bangladesh